
Library Catalogue

| 000 -LEADER | |
|---|---|
| fixed length control field | 00673nam a2200205Ia 4500 |
| 003 - CONTROL NUMBER IDENTIFIER | |
| control field | OSt |
| 005 - DATE AND TIME OF LATEST TRANSACTION | |
| control field | 20201120124003.0 |
| 008 - FIXED-LENGTH DATA ELEMENTS--GENERAL INFORMATION | |
| fixed length control field | 160316s1997 xxu||||| |||| 00| 0 eng d |
| 040 ## - CATALOGING SOURCE | |
| Transcribing agency | . |
| 082 ## - DEWEY DECIMAL CLASSIFICATION NUMBER | |
| Classification number | 346.066460 |
| Item number | CHE |
| 100 ## - MAIN ENTRY--PERSONAL NAME | |
| Personal name | Chew Donald H |
| 245 ## - TITLE STATEMENT | |
| Title | Studies in international corporate finance and governance systems : A comparison of the U S , Japan and Europe |
| 260 ## - PUBLICATION, DISTRIBUTION, ETC. | |
| Place of publication, distribution, etc. | New York |
| Name of publisher, distributor, etc. | Oxford University Press |
| Date of publication, distribution, etc. | 1997 |
| 300 ## - PHYSICAL DESCRIPTION | |
| Extent | 578p |
| 365 ## - TRADE PRICE | |
| Price amount | Rs.2,025 |
| 650 ## - SUBJECT ADDED ENTRY--TOPICAL TERM | |
| Topical term or geographic name entry element | 1.Corporate Governance - Comparetive Study2.Corporate Finance |
| 700 ## - ADDED ENTRY--PERSONAL NAME | |
| Personal name | |
| -- | |
| 856 ## - ELECTRONIC LOCATION AND ACCESS | |
| Uniform Resource Identifier | <a href="/cgi-bin/koha/opac-retrieve-file.pl?id=138c1860dd81d539dc042e0a8df936b6">/cgi-bin/koha/opac-retrieve-file.pl?id=138c1860dd81d539dc042e0a8df936b6</a> |
| 942 ## - ADDED ENTRY ELEMENTS (KOHA) | |
| Source of classification or shelving scheme | Dewey Decimal Classification |
| Koha item type | BOOKs |
| Withdrawn status | Lost status | Damaged status | Not for loan | Home library | Current library | Shelving location | Date acquired | Cost, normal purchase price | Total Checkouts | Full call number | Barcode | Date last seen | Price effective from | Koha item type |
|---|---|---|---|---|---|---|---|---|---|---|---|---|---|---|
| NLS | NLS | Library Compactors | 30/05/2017 | 2025.00 | 346.06646 CHE | 17042 | 30/05/2017 | 30/05/2017 | BOOKs |